El Papel de la Caja en nuestra sociedad actual /

Spremljeno u:
Bibliografski detalji
Glavni autor: Valverde Castillo, Jorge
Format: Tekst
Oznake: Dodaj oznaku
Bez oznaka, Budi prvi tko označuje ovaj zapis!

MARC

LEADER 00000 a a2200000 04500
001 8277
003
040
100 |a Valverde Castillo, Jorge  
245 |a El Papel de la Caja en nuestra sociedad actual /  |c Jorge Valverde Castillo  
773 |g volumen 4, número 1; páginas 28-29  
999 |c 21106  |d 21106